• 首页
  • 本馆介绍
  • 公告通知
  • 最新文献
  • 馆藏检索
  • 电子资源
  • 读者导购
  • 参考咨询
  • 我的图书馆
  • 登录
  • 详细信息显示
  • 放入我的书架
  • 预约/预借图书
  • 作者相关作品
  • 分类相关作品
  • 丛书相关作品
  • 出版社相关作品

书目信息

  • 表格格式
  • 工作单格式
  • 卡片格式
题名:
通信线路原理
    
 
作者: 简水生 主编
分册:  
出版信息: 北京   中国铁道出版社  1984.7
页数: 284页
开本: 26cm
丛书名:
单 册:
中图分类: U285
科图分类:
主题词: 铁路通信 , 铁路信号
电子资源:
ISBN:
000 00575nam0 2200217 45
001 0312221749
005 20040513165124.7
010    @dCNY2.55
091    @a15043.41
100    @a20031222d1984 km y0chiy0120 ea
101    @achi
105    @a z 000yy
200 1  @a通信线路原理@ATong Xin Xian Lu Yuan Li@f简水生主编@FJian Shui Sheng Zhu Bian
210    @a北京@c中国铁道出版社@d1984.7
215    @a284页@d26cm
606 0  @a铁路通信
606 0  @a铁路信号
690    @aU285@v3
701 0  @a简水生@4主编
801    @aCN@bTSTCL@c20031222
905    @dU285@e31@f2@b138784-785
    
    通信线路原理/简水生主编.-北京:中国铁道出版社,1984.7
    284页;26cm
    
    
    ISBN :CNY2.55
    
●
相关链接 在E读中查询图书 在五车中查询图书 在当当中查询图书 在豆瓣中查询图书


正题名:通信线路原理     索取号:U285/31         预约/预借

序号 登录号 条形码 馆藏地/架位号 状态 备注
1 0138784   001487974   第三借阅区/ [索取号:U285/31] 在馆    
2 0138785   001487073   第三借阅区/ [索取号:U285/31] 在馆    
3 0138786   001487082   第二样本阅览室/ [索取号:U285/31] 在馆    
唐山师范学院图书馆 欢迎您!
大连网信软件有限公司© 版权所有